Organic chemistry / (Record no. 5967)
[ view plain ]
| 000 -LEADER | |
|---|---|
| fixed length control field | 00856cam a2200265 i 4500 |
| 001 - CONTROL NUMBER | |
| control field | 18834346 |
| 003 - CONTROL NUMBER IDENTIFIER | |
| control field | OSt |
| 005 - DATE AND TIME OF LATEST TRANSACTION | |
| control field | 20260305201502.0 |
| 008 - FIXED-LENGTH DATA ELEMENTS--GENERAL INFORMATION | |
| fixed length control field | 151027t20162016njua b 001 0 eng |
| 020 ## - INTERNATIONAL STANDARD BOOK NUMBER | |
| International Standard Book Number | 9781119889441 |
| 020 ## - INTERNATIONAL STANDARD BOOK NUMBER | |
| International Standard Book Number | 9781119889458 |
| Qualifying information | ePub |
| 020 ## - INTERNATIONAL STANDARD BOOK NUMBER | |
| International Standard Book Number | 9781119889465 |
| Qualifying information | ePdf |
| 040 ## - CATALOGING SOURCE | |
| Original cataloging agency | KABLIB |
| Language of cataloging | eng |
| Transcribing agency | KABLIB |
| Description conventions | rda |
| 082 00 - DEWEY DECIMAL CLASSIFICATION NUMBER | |
| Classification number | 547 |
| Edition number | 23 |
| Item number | SOL |
| 100 1# - MAIN ENTRY--PERSONAL NAME | |
| Personal name | Solomons, T. W. Graham, |
| 9 (RLIN) | 1983 |
| 245 10 - TITLE STATEMENT | |
| Title | Organic chemistry / |
| Statement of responsibility, etc. | T.W. Graham Solomons, Craig B. Fryhle, Scott A. Snyder |
| 250 ## - EDITION STATEMENT | |
| Edition statement | 13th ed. |
| 264 #1 - PRODUCTION, PUBLICATION, DISTRIBUTION, MANUFACTURE, AND COPYRIGHT NOTICE | |
| Place of production, publication, distribution, manufacture | Hoboken, NJ : |
| Name of producer, publisher, distributor, manufacturer | John Wiley & Sons, Inc., |
| Date of production, publication, distribution, manufacture, or copyright notice | c2023 |
| 300 ## - PHYSICAL DESCRIPTION | |
| Extent | xxx, 1143 p. |
| Other physical details | col. ill |
| Dimensions | 29 cm |
| 504 ## - BIBLIOGRAPHY, ETC. NOTE | |
| Bibliography, etc. note | Includes bibliographical references, glossary, index. |
| 650 #0 - SUBJECT ADDED ENTRY--TOPICAL TERM | |
| Topical term or geographic name entry element | Chemistry, Organic |
| Form subdivision | Textbooks. |
| 9 (RLIN) | 14742 |
| 700 1# - ADDED ENTRY--PERSONAL NAME | |
| Personal name | Fryhle, Craig B., |
| 9 (RLIN) | 1984 |
| 700 1# - ADDED ENTRY--PERSONAL NAME | |
| Personal name | Snyder, S. A. |
| Fuller form of name | (Scott A.), |
| 9 (RLIN) | 15047 |
| 942 ## - ADDED ENTRY ELEMENTS (KOHA) | |
| Source of classification or shelving scheme | Dewey Decimal Classification |
| Koha item type | Book |
| Withdrawn status | Lost status | Source of classification or shelving scheme | Damaged status | Not for loan | Home library | Current library | Shelving location | Date acquired | Source of acquisition | Total Checkouts | Full call number | Barcode | Date last seen | Price effective from | Koha item type |
|---|---|---|---|---|---|---|---|---|---|---|---|---|---|---|---|
| Dewey Decimal Classification | Education Library | Education Library | Reserve Section | 03.02.2026 | Purchased | 547 SOL | 14020 | 03.02.2026 | 03.02.2026 | Book | |||||
| Dewey Decimal Classification | Education Library | Education Library | Reserve Section | 03.02.2026 | Purchased | 547 SOL | 14021 | 03.02.2026 | 03.02.2026 | Book | |||||
| Dewey Decimal Classification | Education Library | Education Library | Open Access Section | 05.03.2026 | Purchased | 547 SOL | 14772 | 05.03.2026 | 05.03.2026 | Book | |||||
| Dewey Decimal Classification | Education Library | Education Library | Open Access Section | 05.03.2026 | Purchased | 547 SOL | 14773 | 05.03.2026 | 05.03.2026 | Book | |||||
| Dewey Decimal Classification | Education Library | Education Library | Open Access Section | 05.03.2026 | Purchased | 547 SOL | 14774 | 05.03.2026 | 05.03.2026 | Book |